| 000 | 01168cad a22002415a 4500 | ||
|---|---|---|---|
| 001 | E146893 | ||
| 008 | 090309s2009 xxk f s000 0 eng d | ||
| 020 | _a9780755959563 | ||
| 035 | _a(Sirsi) u146893 | ||
| 041 | 0 | _aeng | |
| 050 | 0 | 4 | _a306.1 $2 18 |
| 110 | 2 |
_aScotland _bScottish Government _95344 |
|
| 245 | 0 | 0 |
_aWhat we do _bScottish Government Housing and Regeneration Directorate _h[electronic resource] |
| 260 |
_aEdinburgh _bScottish Government _c2009 |
||
| 505 | 2 | _aIntroduction -- Housing and regeneration -- Housing markets and supply -- Social housing -- Housing and Regeneration Directorate -- Regeneration -- Housing investment -- Housing access and support -- Communities analytical services -- Contacts | |
| 520 | _aSets out the role of the Scottish Government's Housing and Regeneration Directorate and the six divisions which make it up. | ||
| 521 | _aIntroductory | ||
| 590 | _aKA | ||
| 651 | 4 |
_aScotland _y1999- |
|
| 690 | _aPROPERTY-RESIDENTIAL PROPERTY-DOMESTIC RESIDENTIAL PROPERTY-HOUSING | ||
| 856 | 4 | 0 |
_uhttps://www.scotland.gov.uk/Publications/2009/03/04125646/0 _zView the guide free of charge at www.scotland.gov.uk... |
| 942 | _n0 | ||
| 999 |
_c109339 _d109339 |
||